Eastern Utah Libraries Catalog: Duchesne, Heber, Roosevelt, & Vernal

Stranger safety / (Record no. 407166)

MARC details
000 -LEADER
fixed length control field 02033cam a22004098i 4500
001 - CONTROL NUMBER
control field 23769604
005 - DATE AND TIME OF LATEST TRANSACTION
control field 20250418162228.0
008 - FIXED-LENGTH DATA ELEMENTS--GENERAL INFORMATION
fixed length control field 240709s2025 mnu j b 001 0 eng
010 ## - LIBRARY OF CONGRESS CONTROL NUMBER
LC control number 2024030462
020 ## - INTERNATIONAL STANDARD BOOK NUMBER
International Standard Book Number 9798892136600
Qualifying information (hardcover)
020 ## - INTERNATIONAL STANDARD BOOK NUMBER
International Standard Book Number 9798892136617
Qualifying information (paperback)
020 ## - INTERNATIONAL STANDARD BOOK NUMBER
Cancelled/invalid ISBN 9798892136624
Qualifying information (ebook)
040 ## - CATALOGING SOURCE
Original cataloging agency DLC
Language of cataloging eng
Description conventions rda
Transcribing agency DLC
042 ## - AUTHENTICATION CODE
Authentication code pcc
050 00 - LIBRARY OF CONGRESS CALL NUMBER
Classification number HQ784.S8
Item number C38 2025
082 00 - DEWEY DECIMAL CLASSIFICATION NUMBER
Classification number 613.6
Edition number 23/eng/20240719
092 ## - LOCALLY ASSIGNED DEWEY CALL NUMBER (OCLC)
Classification number children nonfiction
Item number Catena
100 1# - MAIN ENTRY--PERSONAL NAME
Personal name Catena, Melissa,
Relator term author.
9 (RLIN) 6543473
245 10 - TITLE STATEMENT
Title Stranger safety /
Statement of responsibility, etc by Melissa Catena.
263 ## - PROJECTED PUBLICATION DATE
Projected publication date 1111
264 #1 - Production, Publication, Distribution, Manufacture, and Copyright Notice.
Place of production, publication, distribution, manufacture Minneapolis, MN :
Name of producer, publisher, distributor, manufacturer Jump!, Inc.,
Date of production, publication, distribution, manufacture, or copyr [2025]
300 ## - PHYSICAL DESCRIPTION
Extent pages cm
336 ## - Content Type
Content type term text
337 ## - Media type
Media type term unmediated
338 ## - Carrier type
Carrier type term volume
490 0# - SERIES STATEMENT
Series statement Staying safe
504 ## - BIBLIOGRAPHY, ETC. NOTE
Bibliography, etc Includes bibliographical references and index.
505 0# - FORMATTED CONTENTS NOTE
Formatted contents note We are safe -- Let's review! -- Picture glossary -- Index -- To learn more.
520 ## - SUMMARY, ETC.
Summary, etc "How do you stay safe around strangers? Stranger Safety highlights everyday situations readers encounter and how to stay safe at home, in public, and online. Vibrant, full-color photos and carefully leveled text engage young readers as they learn about stranger safety. Children can learn more about stranger safety online using our safe search engine that provides relevant, age-appropriate websites. Stranger Safety also features reading tips for teachers and parents, a table of contents, and an index. Stranger Safety is part of Jump's Staying Safe series"--
521 ## - TARGET AUDIENCE NOTE
Target audience note Ages 7-10
Source Jump!, Inc.
650 #0 - SUBJECT ADDED ENTRY--TOPICAL TERM
Topical term or geographic name as entry element Children and strangers
Form subdivision Juvenile literature.
9 (RLIN) 5729981
650 #0 - SUBJECT ADDED ENTRY--TOPICAL TERM
Topical term or geographic name as entry element Strangers
Form subdivision Juvenile literature.
9 (RLIN) 6543474
650 #0 - SUBJECT ADDED ENTRY--TOPICAL TERM
Topical term or geographic name as entry element Crime prevention
Form subdivision Juvenile literature.
9 (RLIN) 6512782
650 #0 - SUBJECT ADDED ENTRY--TOPICAL TERM
Topical term or geographic name as entry element Safety education
Form subdivision Juvenile literature.
9 (RLIN) 5697695
776 08 - ADDITIONAL PHYSICAL FORM ENTRY
Display text Online version:
Main entry heading Catena, Melissa.
Title Stranger safety
Place, publisher, and date of publication Minneapolis, MN : Jump!, Inc., [2025]
International Standard Book Number 9798892136624
Record control number (DLC) 2024030463
942 ## - ADDED ENTRY ELEMENTS (KOHA)
Source of classification or shelving scheme Dewey Decimal Classification
Koha item type BOOK
Holdings
Withdrawn status Lost status Source of classification or shelving scheme Damaged status Not for loan Collection code Home library Current library Shelving location Date acquired Source of acquisition Total Checkouts Total Renewals Full call number Barcode Date last seen Date checked out Cost, replacement price Price effective from Koha item type
    Dewey Decimal Classification     Children NonFiction Wasatch County Library Wasatch County Library Main Floor Childrens Area 04/18/2025 Penworthy 2 1 E Social Safety Catena 34301002153114 08/25/2025 08/06/2025 20.99 04/18/2025 BOOK
This project was made possible through a grant from the Institute of Museum and Library Service administered by the Utah State Library Division.

Wasatch County Library

  • 465 East 1200 South, Heber City, Utah 84032
  • Phone 435-654-1511 | Fax 435-654-6456

Hours

  • Monday - Friday 9:30 AM - 8:00 PM
  • Saturday 9:30 AM - 1:30 PM
  • Closed Sundays and Holidays